Statistics for Random Animals in French Quiz #1

Click here to take the quiz!

General Stats

  • This quiz has been taken 70 times
  • The average score is 11 of 15

Answer Stats

FrenchEnglish% Correct
ChatCat
100%
ChienDog
100%
LézardLizard
100%
SerpentSnake
98%
ChevalHorse
95%
CaméléonChameleon
93%
PouletChicken
93%
OiseauBird
90%
AigleEagle
79%
OursBear
74%
DindeTurkey
57%
BouledogueBulldog
52%
FauconHawk
30%
GuenonMonkey
16%
Lézard à colleretteFrilled Lizard
5%

Score Distribution

Percentile by Number Answered

Percent of People with Each Score

Your Score History

You have not taken this quiz